000 00688nam a2200229 i 4500
001 20648
003 ES-MaACL
005 20230906152335.0
007 t|
008 021115s1964 sp ||||1| spa d
080 _a913(460.35)(084)
100 1 _aAcquaroni, José Luis.
_918327
245 1 0 _aAndalucía /
_ctexto de J.L. Acquaroni ; fotografías de Arielli.
260 _aBarcelona :
_bNoguer,
_c[1964]
300 _a41 p., 114 p. de lám. fot. col. y n. ;
_c29 cm.
490 1 _aBelvedere ;
_v3
651 4 _aAndalucía-
_xObras ilustradas.
_9169109
700 0 _aArielli.
_922820
830 1 _aBelvedere ;
_v3
_9228934
852 _aES-MaACL
_jC-25194
999 _c20648
_d20648